Statistics for New Wonders of the World

Click here to take the quiz!

General Stats

  • This quiz has been taken 163 times
  • The average score is 12 of 21

Answer Stats

HintAnswer% Correct
Rome, ItalyColosseum
90%
Paris, FranceEiffel Tower
88%
Agra, IndiaTaj Mahal
88%
Giza, EgyptGreat Pyramid of Giza
87%
Cuzco Region, PeruMachu Picchu
84%
Sydney, AustraliaSydney Opera House
81%
JordanPetra
79%
Rio de Janeiro, BrazilChrist the Redeemer
78%
Angkor, CambodiaAngkor Wat
74%
ChinaGreat Wall of China
73%
Athens, GreeceAcropolis
69%
New York City, United StatesStatue of Liberty
67%
Amesbury, United KingdomStonehenge
56%
Yucatan, MexicoChichen Itza
46%
MaliTimbuktu
38%
Granada, SpainAlhambra
37%
Istanbul, TurkeyHagia Sofia
30%
Moscow, RussiaRed Square
28%
ChileMoai
25%
Fussen, GermanyNeuschwanstein
19%
Kyoto, JapanKiyomizu-dera
3%

Score Distribution

Percentile by Number Answered

Percent of People with Each Score

Your Score History

You have not taken this quiz